Hijos en libertad /

Guardado en:
Autor Principal: Neill, A. S,
Formato: Libro
Publicado: Barcelona : Gedisa, 1986
Edición:5a. ed.
Materias:
Etiquetas: Agregar Etiqueta
Sin Etiquetas, Sea el primero en etiquetar este registro!
LEADER 01127nam a22002415a 4500
001 CEM.cems004637
005 20060217000000.0
008 130507s1986##################000#0#####d
003 CEMS
082 0 4 |a 136.7 
100 1 |a Neill, A. S, 
245 1 0 |a Hijos en libertad / 
250 |a 5a. ed. 
260 |a Barcelona :  |b Gedisa,  |c 1986 
300 |a 228 p. 
505 0 |a Lengua y habla: Las artes del lenguaje; Lectura en los grados inferiores. Periodo de pre-lectura o etapa de aprestamiento; Carteles de lectura; Claves para independizar a los ni¤os en lectura; El libro de lectura en el inicio de la ense¤anza; La lectura en los grados superiores: Etapa de enriquecimiento y desarrollo de habilidades y destrezas; La escritura; Lenguaje oral y escrito; Gramática; Literatura infantil: el ni¤o y la literatura 
653 |a Adolescencia y familia 
653 |a Adolescencia-sexualidad 
653 |a Adolescentes-educacion 
653 |a Educacion sexual 
653 |a Hijos-educacion 
859 |a CEMS  |b BIB. CEMS - 11 de abril  |h 136.7  |i N313a5  |p 15837.90  |t Ej.1 
859 |a CEMS  |b BIB. CEMS - 11 de abril  |h 136.7  |i N313a5  |p 15838.90  |t Ej.2